000 00913nam a2200229Ia 4500
001 15603
003 GE_BSU
008 181216s||||||||xx |||||||||||||| ||und||
040 _cGE_BSU
080 _a821.161.1-22
100 _aგრიბოედოვი, ა.ს.
245 _aვაი ჭკუისაგან
245 _bკომედია 4 მოქმედებად
245 _cთარგმ. და შესავალი წერილი ს. ფაშალიშვილისა ; რედ. და შენიშვნებში ვ. გორგაძისა
260 _aთბილისი
260 _bსაბჭ. მწერალი
260 _c1960
300 _a174გვ. : 1ფ. პორტრ. ; 17სმ
653 _aვაი ჭკუისაგან
653 _aკომედია 4 მოქმედებად
942 _cBK
999 _c48703
_d48703